[Event "FIDE Open World Blitz 2021"]
[Site "Warsaw"]
[Date "2021.12.29"]
[Round "4.50"]
[White "Cheparinov, Ivan"]
[Black "Blohberger, Felix"]
[Result "1/2-1/2"]
[WhiteElo "2594"]
[BlackElo "2490"]
[Annotator "ChessBase"]
[PlyCount "101"]
[EventDate "2021.12.29"]
[EventType "swiss"]
[EventCountry "POL"]
[Tiebreak "Cut1 Buchholz"]
[SourceTitle "playchess.com"]
[Source "ChessBase"]
[SourceQuality "1"]

1. d4 Nf6 2. c4 e6 3. Nf3 Bb4+ 4. Nbd2 d6 5. a3 Bxd2+ 6. Bxd2 Nbd7 7. g3 b6 8.
Bg2 Bb7 9. O-O O-O 10. b4 Qe7 11. Qc2 Be4 12. Qb2 c5 13. Rac1 Rac8 14. Rfd1
Rfd8 15. Be3 h6 16. h3 Ba8 17. a4 cxd4 18. Qxd4 d5 19. cxd5 Bxd5 20. Qb2 Qf8
21. a5 Rxc1 22. Rxc1 Rc8 23. Rd1 Rc4 24. Rd4 Qc8 25. Rxc4 Qxc4 26. Bd4 Qb5 27.
axb6 axb6 28. Bf1 Qc6 29. Ne5 Nxe5 30. Bxe5 Ne8 31. Bd4 f6 32. b5 Qc7 33. Qc3
Qxc3 34. Bxc3 Bc4 35. Bd4 Bxb5 36. Bxb6 e5 37. f4 exf4 38. gxf4 Nd6 39. Kf2
Ne4+ 40. Ke3 Ng3 41. Bg2 Nxe2 42. Bd5+ Kh8 43. Bf3 Ng3 44. Kf2 Nf5 45. Be4 Nd6
46. Bd5 Bd7 47. Bc5 Nf5 48. Be4 Nh4 49. Kg3 Bf5 50. Kxh4 Bxe4 51. Kg3 1/2-1/2

[Event "FIDE Open World Blitz 2021"]
[Site "Warsaw"]
[Date "2021.12.29"]
[Round "4.51"]
[White "Tang, Andrew"]
[Black "Babazada, Khazar"]
[Result "1-0"]
[WhiteElo "2588"]
[BlackElo "2302"]
[Annotator "ChessBase"]
[PlyCount "87"]
[EventDate "2021.12.29"]
[EventType "swiss"]
[EventCountry "POL"]
[Tiebreak "Cut1 Buchholz"]
[SourceTitle "playchess.com"]
[Source "ChessBase"]
[SourceQuality "1"]

1. d4 Nf6 2. c4 e6 3. Nc3 d5 4. cxd5 exd5 5. Bg5 Be7 6. e3 c6 7. Bd3 Nbd7 8.
Nge2 O-O 9. Qc2 Re8 10. O-O h6 11. Bh4 Nh5 12. Bxe7 Qxe7 13. Rae1 Nf8 14. Ng3
Nxg3 15. hxg3 Ne6 16. f3 Bd7 17. Qf2 Rad8 18. Bb1 b5 19. a3 a5 20. Ne2 Bc8 21.
Nc1 c5 22. Ne2 Qf6 23. Rd1 b4 24. axb4 axb4 25. Rd2 Ba6 26. dxc5 Nxc5 27. Rfd1
Nb3 28. Rc2 Qe5 29. Nf4 Bc4 30. Re1 Ra8 31. e4 Ra1 32. Kh2 h5 33. Nh3 Qd4 34.
Qxd4 Nxd4 35. Rd2 Nb3 36. Rdd1 g6 37. Nf4 dxe4 38. Bxe4 Ra2 39. Rd7 Rxb2 40.
Nxg6 Be6 41. Rc7 Nd2 42. Ne7+ Kf8 43. Nc6 Nxe4 44. Rxe4 1-0

[Event "FIDE Open World Blitz 2021"]
[Site "Warsaw"]
[Date "2021.12.29"]
[Round "4.52"]
[White "Theodorou, Nikolas"]
[Black "Vastrukhin, Oleg"]
[Result "1-0"]
[WhiteElo "2351"]
[BlackElo "2588"]
[Annotator "ChessBase"]
[PlyCount "63"]
[EventDate "2021.12.29"]
[EventType "swiss"]
[EventCountry "POL"]
[Tiebreak "Cut1 Buchholz"]
[SourceTitle "playchess.com"]
[Source "ChessBase"]
[SourceQuality "1"]

1. e4 e6 2. d3 d5 3. Nd2 Nf6 4. Ngf3 Be7 5. g3 b6 6. e5 Nfd7 7. Bg2 Bb7 8. O-O
c5 9. Re1 Nc6 10. c3 Qc7 11. Qe2 O-O-O 12. d4 g5 13. h3 h5 14. Nb3 Rdg8 15. Be3
Rg7 16. Nh2 Kb8 17. Rac1 Qc8 18. Red1 Ba6 19. Qe1 g4 20. h4 Rf8 21. c4 dxc4 22.
dxc5 b5 23. Na5 Nxa5 24. Qxa5 Nxc5 25. b3 Qc7 26. Qa3 Bb7 27. bxc4 Bxg2 28.
cxb5 Bd5 29. Bxc5 Bxc5 30. Rxc5 Qb7 31. Rcxd5 Rc8 32. Rd7 1-0

[Event "FIDE Open World Blitz 2021"]
[Site "Warsaw"]
[Date "2021.12.29"]
[Round "5.1"]
[White "Socko, Bartosz"]
[Black "Carlsen, Magnus"]
[Result "1-0"]
[WhiteElo "2571"]
[BlackElo "2855"]
[Annotator "TA"]
[PlyCount "89"]
[EventDate "2021.12.29"]
[EventType "swiss"]
[EventCountry "POL"]
[Tiebreak "Cut1 Buchholz"]
[SourceTitle "playchess.com"]
[Source "ChessBase"]
[SourceQuality "1"]

1. d4 Nf6 2. c4 e6 3. Nf3 d5 4. g3 Bb4+ 5. Nbd2 O-O 6. Bg2 b6 7. O-O Bb7 8. Ne5
Qc8 9. Qc2 dxc4 10. Ndxc4 Bxg2 11. Kxg2 Qb7+ 12. Kg1 Rd8 13. Rd1 h6 14. Bf4
Nbd7 15. Rac1 Rac8 16. Qb3 a5 17. a3 b5 18. Nxd7 Nxd7 19. axb4 bxc4 20. Rxc4 a4
21. Qxa4 Nb6 22. Qc6 Qa6 23. Rc2 Qa2 24. e4 Qb3 25. Qc3 Qa4 26. b3 Qa6 27. Ra1
Qb5 28. Qc5 Qd3 29. Bxc7 Qxe4 30. Qxb6 Rxd4 31. Be5 Rd1+ 32. Rxd1 Rxc2 33. Qd4
Qf3 34. Bxg7 Rxf2 35. Qxf2 Qxd1+ 36. Qf1 Qd2 37. Bf6 Qxb4 38. Qf3 Kh7 39. Qd3+
Kg8 40. Kg2 Qb7+ 41. Qf3 Qb4 42. Kh3 Kh7 43. Qd3+ Kg8 44. g4 Qf4 45. Qd8+ 1-0

[Event "FIDE Open World Blitz 2021"]
[Site "Warsaw"]
[Date "2021.12.29"]
[Round "5.1"]
[White "Mitrabha, Guha"]
[Black "Cheparinov, Ivan"]
[Result "1/2-1/2"]
[WhiteElo "2370"]
[BlackElo "2594"]
[Annotator "ChessBase"]
[PlyCount "117"]
[EventDate "2021.12.29"]
[EventType "swiss"]
[EventCountry "POL"]
[Tiebreak "Cut1 Buchholz"]
[SourceTitle "playchess.com"]
[Source "ChessBase"]
[SourceQuality "1"]

1. d4 Nf6 2. c4 e6 3. g3 d5 4. Bg2 Bb4+ 5. Nd2 O-O 6. Ngf3 b6 7. O-O Bb7 8. a3
Be7 9. b4 a5 10. cxd5 exd5 11. b5 c6 12. Qa4 cxb5 13. Qxb5 Ba6 14. Qb2 Nc6 15.
Ne5 Nxe5 16. dxe5 Nd7 17. Bxd5 Nxe5 18. Bxa8 Qxa8 19. Qxb6 Bf6 20. Ne4 Bxe2 21.
Nxf6+ gxf6 22. f3 Bxf1 23. Qxf6 Qxf3 24. Qxf3 Nxf3+ 25. Kxf1 Nxh2+ 26. Kg2 Ng4
27. Rb1 Rc8 28. Bf4 Rc2+ 29. Kh3 h5 30. Kh4 Rc5 31. a4 Rc4 32. Kxh5 Nf6+ 33.
Kh6 Ng4+ 34. Kg5 Nf2 35. Rb8+ Kh7 36. Be5 f6+ 37. Bxf6 Ne4+ 38. Kf5 Nxf6 39.
Kxf6 Rxa4 40. Rb7+ Kh6 41. Kf5 Rb4 42. Ra7 Rb5+ 43. Kf4 Kg6 44. g4 Rb4+ 45. Kg3
a4 46. Kh4 Rc4 47. Ra6+ Kg7 48. Kh5 Rc5+ 49. g5 Rc4 50. Ra7+ Kg8 51. Kh6 Rc6+
52. g6 Rc8 53. Rxa4 Kh8 54. Rf4 Kg8 55. Rf5 Kh8 56. g7+ Kg8 57. Rf8+ Rxf8 58.
gxf8=Q+ Kxf8 59. Kg5 1/2-1/2

[Event "FIDE Open World Blitz 2021"]
[Site "Warsaw"]
[Date "2021.12.29"]
[Round "5.2"]
[White "Grischuk, Alexander"]
[Black "Svane, Rasmus"]
[Result "1-0"]
[WhiteElo "2773"]
[BlackElo "2628"]
[Annotator "TA"]
[PlyCount "63"]
[EventDate "2021.12.29"]
[EventType "swiss"]
[EventCountry "POL"]
[Tiebreak "Cut1 Buchholz"]
[SourceTitle "playchess.com"]
[Source "ChessBase"]
[SourceQuality "1"]

1. e4 e5 2. Nf3 Nc6 3. Bb5 a6 4. Ba4 Nf6 5. O-O Be7 6. d3 b5 7. Bb3 d6 8. a4
Bd7 9. Bd2 O-O 10. h3 b4 11. c3 Rb8 12. a5 h6 13. Re1 Re8 14. d4 bxc3 15. bxc3
Bf8 16. d5 Ne7 17. c4 Ng6 18. Nc3 Nh7 19. Ba4 Nf6 20. Qc2 Qe7 21. Rab1 Rec8 22.
Be3 Qd8 23. Kh2 Be7 24. Bc6 Bxc6 25. dxc6 Qe8 26. Qa4 Bd8 27. Nd5 Nxe4 28. Rb7
Ne7 29. Ba7 Ra8 30. Rxe4 Nxc6 31. Nb4 f5 32. Re1 1-0

[Event "FIDE Open World Blitz 2021"]
[Site "Warsaw"]
[Date "2021.12.29"]
[Round "5.2"]
[White "Sjugirov, Sanan"]
[Black "Bologan, Victor"]
[Result "1-0"]
[WhiteElo "2589"]
[BlackElo "2574"]
[Annotator "ChessBase"]
[PlyCount "78"]
[EventDate "2021.12.29"]
[EventType "swiss"]
[EventCountry "POL"]
[Tiebreak "Cut1 Buchholz"]
[SourceTitle "playchess.com"]
[Source "ChessBase"]
[SourceQuality "1"]

1. e4 e5 2. Nf3 Nc6 3. Bc4 Bc5 4. d3 Nf6 5. Nbd2 d6 6. c3 a5 7. O-O O-O 8. h3
h6 9. Re1 a4 10. Bb5 Bd7 11. Nf1 Ne7 12. Bxd7 Nxd7 13. Nh4 f5 14. b4 Bb6 15.
Be3 f4 16. Bxb6 Nxb6 17. a3 g5 18. Nf3 Ng6 19. c4 Qf6 20. Rc1 Nd7 21. N1h2 c5
22. Rb1 b6 23. Nd2 Qd8 24. Rb2 Nf6 25. Ng4 Kg7 26. Nxf6 Rxf6 27. Qg4 Qc8 28.
Reb1 Qxg4 29. hxg4 Nf8 30. bxc5 bxc5 31. Rb6 Nd7 32. Rb7 Rf7 33. f3 Nf8 34.
R7b6 Rd7 35. R1b2 Ne6 36. Nb1 Nd4 37. Nc3 Kf7 38. Nd5 Nb3 39. Nc3 Nd4 1-0

[Event "FIDE Open World Blitz 2021"]
[Site "Warsaw"]
[Date "2021.12.29"]
[Round "5.3"]
[White "Mamedyarov, Shakhriyar"]
[Black "Vidit, Santosh Gujrathi"]
[Result "1-0"]
[WhiteElo "2765"]
[BlackElo "2727"]
[Annotator "ChessBase"]
[PlyCount "113"]
[EventDate "2021.12.29"]
[EventType "swiss"]
[EventCountry "POL"]
[Tiebreak "Cut1 Buchholz"]
[SourceTitle "playchess.com"]
[Source "ChessBase"]
[SourceQuality "1"]

1. d4 Nf6 2. c4 e6 3. Nf3 d5 4. Nc3 c5 5. cxd5 cxd4 6. Qxd4 exd5 7. Bg5 Be7 8.
e3 O-O 9. Be2 h6 10. Bh4 Nc6 11. Qd1 Be6 12. O-O Rc8 13. a3 Ne4 14. Bxe7 Nxe7
15. Nxe4 dxe4 16. Nd4 Bd5 17. Qd2 Qb6 18. Rac1 Rxc1 19. Rxc1 Rd8 20. h3 Nc6 21.
Nxc6 Bxc6 22. Qc3 Bb5 23. Bg4 Bd7 24. Bxd7 Rxd7 25. Qe5 Qe6 26. Rc8+ Kh7 27.
Qxe6 fxe6 28. g4 Kg6 29. Rc4 Rd2 30. Rxe4 Kf6 31. Rb4 b6 32. Kg2 g5 33. Ra4
Rxb2 34. Rxa7 b5 35. Kg3 Ra2 36. Ra5 Rb2 37. Ra7 b4 38. axb4 Rxb4 39. h4 gxh4+
40. Kxh4 Rb2 41. Kg3 Re2 42. Ra1 Kg6 43. Rh1 Rb2 44. f4 Rb3 45. Kf3 Ra3 46. Rc1
Kf6 47. Rc6 Kf7 48. f5 exf5 49. gxf5 h5 50. Rh6 h4 51. Rxh4 Kf6 52. Kf4 Ra1 53.
Rh6+ Kg7 54. Rb6 Kf7 55. e4 Ra5 56. Rb7+ Kf8 57. f6 1-0

[Event "FIDE Open World Blitz 2021"]
[Site "Warsaw"]
[Date "2021.12.29"]
[Round "5.3"]
[White "Alonso Rosell, Alvar"]
[Black "Zilka, Stepan"]
[Result "0-1"]
[WhiteElo "2580"]
[BlackElo "2593"]
[Annotator "ChessBase"]
[PlyCount "116"]
[EventDate "2021.12.29"]
[EventType "swiss"]
[EventCountry "POL"]
[Tiebreak "Cut1 Buchholz"]
[SourceTitle "playchess.com"]
[Source "ChessBase"]
[SourceQuality "1"]

1. d4 Nf6 2. Bf4 d5 3. e3 c5 4. dxc5 Nc6 5. Bb5 Bd7 6. c3 e6 7. b4 a5 8. Qb3
Nh5 9. Ne2 Nxf4 10. exf4 Qf6 11. Bxc6 bxc6 12. Nd2 axb4 13. Qxb4 Be7 14. Qb7
Rd8 15. Nb3 O-O 16. O-O e5 17. fxe5 Qxe5 18. Ned4 Qb8 19. Qa6 Qa8 20. Qd3 Qa3
21. Nc2 Qa4 22. Rfe1 Bf6 23. Ncd4 Ra8 24. h3 h6 25. Re3 Rfe8 26. Rf3 Be5 27.
Nf5 Qe4 28. Nd6 Qxd3 29. Rxd3 Reb8 30. Nd4 Rxa2 31. Re1 Bf6 32. c4 Ra4 33. Nxc6
Bxc6 34. cxd5 Ba8 35. c6 Ra7 36. Re8+ Rxe8 37. Nxe8 Be5 38. f4 Bxf4 39. Rf3 Be5
40. Rb3 Re7 41. c7 Rxe8 42. Ra3 Bxd5 43. Ra5 Bxc7 44. Rxd5 Re7 45. Rb5 g6 46.
g4 Kg7 47. Kg2 Bd6 48. Rd5 Be5 49. Rb5 Bf6 50. Rd5 Bg5 51. Rb5 Bf4 52. Rb4 Be3
53. Rc4 Bd2 54. Rd4 Bc3 55. Rd3 Be5 56. Rd5 g5 57. Rb5 Bf4 58. Rf5 Re5 0-1

[Event "FIDE Open World Blitz 2021"]
[Site "Warsaw"]
[Date "2021.12.29"]
[Round "5.4"]
[White "Puranik, Abhimanyu"]
[Black "Aronian, Levon"]
[Result "1-0"]
[WhiteElo "2604"]
[BlackElo "2782"]
[Annotator "RC"]
[PlyCount "111"]
[EventDate "2021.12.29"]
[EventType "swiss"]
[EventCountry "POL"]
[Tiebreak "Cut1 Buchholz"]
[SourceTitle "playchess.com"]
[Source "ChessBase"]
[SourceQuality "1"]

1. Nf3 d5 2. c4 d4 3. b4 c5 4. bxc5 Nc6 5. g3 e5 6. d3 Nf6 7. Bg2 Nd7 8. O-O
Nxc5 9. Nfd2 Bg4 10. Ba3 Qd7 11. Ne4 Nxe4 12. Bxe4 h5 13. Bxf8 Kxf8 14. Nd2 h4
15. Rb1 Rc8 16. Nf3 Bh3 17. Re1 hxg3 18. fxg3 Rh6 19. Rb5 f6 20. Qb3 b6 21. c5
f5 22. Bxc6 Qxc6 23. cxb6 axb6 24. Rxe5 Qc3 25. Qd5 Rf6 26. Qxd4 Qxd4+ 27. Nxd4
Rd6 28. Nxf5 Rf6 29. Nd4 Kg8 30. Nf3 Rc2 31. Ng5 Bd7 32. Rd5 Rc7 33. e4 Rf8 34.
e5 Bc6 35. Rc1 Bxd5 36. Rxc7 Bxa2 37. Rb7 Rd8 38. Rxb6 Kf8 39. Rd6 Rb8 40. h4
Rb2 41. Rd8+ Ke7 42. Ra8 Bd5 43. Ra7+ Ke8 44. Rxg7 Rg2+ 45. Kf1 Rxg3 46. h5
Rxd3 47. h6 Bc4 48. Kf2 Rd2+ 49. Ke3 Rh2 50. h7 Kf8 51. Rc7 Bd5 52. e6 Rh6 53.
Rc8+ Kg7 54. Rg8+ Kf6 55. h8=Q+ Rxh8 56. Rxh8 1-0

[Event "FIDE Open World Blitz 2021"]
[Site "Warsaw"]
[Date "2021.12.29"]
[Round "5.4"]
[White "Blohberger, Felix"]
[Black "Gabuzyan, Hovhannes"]
[Result "1-0"]
[WhiteElo "2490"]
[BlackElo "2580"]
[Annotator "ChessBase"]
[PlyCount "53"]
[EventDate "2021.12.29"]
[EventType "swiss"]
[EventCountry "POL"]
[Tiebreak "Cut1 Buchholz"]
[SourceTitle "playchess.com"]
[Source "ChessBase"]
[SourceQuality "1"]

1. d4 Nf6 2. Nf3 g6 3. Nc3 Bg7 4. e4 d6 5. Be2 O-O 6. O-O c6 7. a4 a5 8. h3 Qc7
9. b3 Nbd7 10. Ba3 Re8 11. Qd2 h6 12. Rad1 d5 13. exd5 Nxd5 14. Nxd5 cxd5 15.
Bb5 e6 16. c4 Bf8 17. Bxf8 Rxf8 18. Bxd7 Qxd7 19. Qxh6 dxc4 20. bxc4 b6 21.
Rfe1 Ra7 22. Ng5 Re8 23. d5 Qxa4 24. Ne4 f5 25. Nf6+ Kf7 26. Nxe8 Kxe8 27. Qh8+
1-0

[Event "FIDE Open World Blitz 2021"]
[Site "Warsaw"]
[Date "2021.12.29"]
[Round "5.5"]
[White "Fedoseev, Vladimir"]
[Black "Ter-Sahakyan, Samvel"]
[Result "1-0"]
[WhiteElo "2704"]
[BlackElo "2565"]
[Annotator "ChessBase"]
[PlyCount "81"]
[EventDate "2021.12.29"]
[EventType "swiss"]
[EventCountry "POL"]
[Tiebreak "Cut1 Buchholz"]
[SourceTitle "playchess.com"]
[Source "ChessBase"]
[SourceQuality "1"]

1. d4 Nf6 2. Nf3 d5 3. Bf4 c5 4. e3 Nc6 5. Nbd2 Nh5 6. Be5 f6 7. Bg3 e6 8. c3
cxd4 9. exd4 Bd6 10. Bxd6 Qxd6 11. g3 O-O 12. Bg2 e5 13. dxe5 fxe5 14. O-O Nf6
15. Re1 Bg4 16. Nc4 Qc7 17. Ne3 Bxf3 18. Bxf3 d4 19. Nc4 Rad8 20. Bxc6 bxc6 21.
Nxe5 c5 22. Qb3+ Kh8 23. cxd4 cxd4 24. Rac1 Qa5 25. Nf7+ Rxf7 26. Qxf7 d3 27.
Rcd1 h6 28. Re7 Qg5 29. Qe6 d2 30. Qe2 h5 31. Re5 Qh6 32. f4 Ng4 33. Re8+ Rxe8
34. Qxe8+ Kh7 35. Qe4+ Kg8 36. Rxd2 Qb6+ 37. Kg2 Ne3+ 38. Kf3 Ng4 39. Qe8+ Kh7
40. Qxh5+ Nh6 41. Qd5 1-0

[Event "FIDE Open World Blitz 2021"]
[Site "Warsaw"]
[Date "2021.12.29"]
[Round "5.5"]
[White "Narayanan.S.L"]
[Black "Asadli, Vugar"]
[Result "1/2-1/2"]
[WhiteElo "2570"]
[BlackElo "2386"]
[Annotator "ChessBase"]
[PlyCount "87"]
[EventDate "2021.12.29"]
[EventType "swiss"]
[EventCountry "POL"]
[Tiebreak "Cut1 Buchholz"]
[SourceTitle "playchess.com"]
[Source "ChessBase"]
[SourceQuality "1"]

1. e4 c6 2. Nf3 d5 3. Nc3 dxe4 4. Nxe4 Nf6 5. Qe2 Nxe4 6. Qxe4 Nd7 7. d4 Nf6 8.
Qd3 g6 9. Be2 Bg7 10. O-O O-O 11. Rd1 Qb6 12. Qb3 Rd8 13. c3 Be6 14. Qa3 Bg4
15. h3 Bxf3 16. Bxf3 Rd7 17. Bd2 Rad8 18. Be1 Ne8 19. Qb3 Nc7 20. Bg4 e6 21.
Bf3 Qxb3 22. axb3 a6 23. g3 Kf8 24. h4 h5 25. Kf1 e5 26. dxe5 Bxe5 27. Rxd7
Rxd7 28. Rd1 Rxd1 29. Bxd1 Ke7 30. Bd2 Ne6 31. Ke2 Bd6 32. Bc2 Bc7 33. b4 Bd6
34. Be3 Bc7 35. f4 f5 36. Bb3 Bd6 37. Bb6 Bb8 38. Kd3 Bd6 39. Be3 Bc7 40. Bd1
Bd6 41. Bf3 Kd7 42. Kc4 Ke7 43. Kb3 Kd7 44. Kc4 1/2-1/2

[Event "FIDE Open World Blitz 2021"]
[Site "Warsaw"]
[Date "2021.12.29"]
[Round "5.6"]
[White "Artemiev, Vladislav"]
[Black "Saric, Ivan"]
[Result "1-0"]
[WhiteElo "2699"]
[BlackElo "2665"]
[Annotator "ChessBase"]
[PlyCount "101"]
[EventDate "2021.12.29"]
[EventType "swiss"]
[EventCountry "POL"]
[Tiebreak "Cut1 Buchholz"]
[SourceTitle "playchess.com"]
[Source "ChessBase"]
[SourceQuality "1"]

1. Nf3 Nf6 2. g3 d5 3. Bg2 g6 4. c4 dxc4 5. Qa4+ Nfd7 6. Qxc4 Bg7 7. O-O O-O 8.
d3 Nc6 9. Nc3 Nb6 10. Qh4 e5 11. Qxd8 Rxd8 12. Bd2 Nd4 13. Rfc1 c6 14. Kf1 Bg4
15. Nxd4 exd4 16. Ne4 Nd5 17. h3 Bf5 18. g4 Bc8 19. Rc4 f5 20. gxf5 Bxf5 21.
Nc5 b6 22. Nb7 Rd7 23. Rxc6 Rf8 24. Rd6 Rxd6 25. Nxd6 Be6 26. Ke1 Nf4 27. Bxf4
Rxf4 28. Rc1 Bf8 29. Ne4 Bb4+ 30. Kf1 Bxa2 31. Ra1 Bd5 32. Rxa7 Bxe4 33. Bxe4
Bc5 34. Rd7 Rf6 35. Kg2 Rd6 36. Ra7 Rf6 37. Bd5+ Kh8 38. Ra4 Kg7 39. Rc4 Rf5
40. Be4 Rg5+ 41. Kf1 b5 42. Rc1 Rh5 43. Bf3 Rg5 44. Ra1 h5 45. Ra5 b4 46. Be4
Be7 47. Ra7 Kf7 48. Ra6 Bc5 49. Rc6 h4 50. f4 Rh5 51. Bxg6+ 1-0

[Event "FIDE Open World Blitz 2021"]
[Site "Warsaw"]
[Date "2021.12.29"]
[Round "5.6"]
[White "Sarana, Alexey"]
[Black "Sindarov, Javokhir"]
[Result "0-1"]
[WhiteElo "2656"]
[BlackElo "2587"]
[Annotator "ChessBase"]
[PlyCount "66"]
[EventDate "2021.12.29"]
[EventType "swiss"]
[EventCountry "POL"]
[Tiebreak "Cut1 Buchholz"]
[SourceTitle "playchess.com"]
[Source "ChessBase"]
[SourceQuality "1"]

1. d4 Nf6 2. c4 c5 3. d5 g6 4. Nc3 Bg7 5. e4 d6 6. Be2 O-O 7. Nf3 e6 8. Be3
exd5 9. cxd5 Bg4 10. Nd2 Bxe2 11. Qxe2 Re8 12. O-O Na6 13. h3 Nc7 14. a4 b6 15.
Qd3 Nd7 16. Nc4 Ne5 17. Nxe5 Bxe5 18. Rae1 Qd7 19. Bh6 Rab8 20. f4 Bh8 21. Qf3
b5 22. e5 dxe5 23. fxe5 Rxe5 24. Rxe5 Bxe5 25. d6 Ne6 26. Nd5 f5 27. Ne7+ Kh8
28. Nc6 Nd4 29. Nxd4 Bxd4+ 30. Kh1 Qxd6 31. Bf4 Be5 32. Qc3 Bxc3 33. Bxd6 Rd8
0-1

[Event "FIDE Open World Blitz 2021"]
[Site "Warsaw"]
[Date "2021.12.29"]
[Round "5.7"]
[White "Wojtaszek, Radoslaw"]
[Black "Yuffa, Daniil"]
[Result "1/2-1/2"]
[WhiteElo "2700"]
[BlackElo "2567"]
[Annotator "ChessBase"]
[PlyCount "120"]
[EventDate "2021.12.29"]
[EventType "swiss"]
[EventCountry "POL"]
[Tiebreak "Cut1 Buchholz"]
[SourceTitle "playchess.com"]
[Source "ChessBase"]
[SourceQuality "1"]

1. c4 Nf6 2. Nc3 g6 3. g3 Bg7 4. Bg2 O-O 5. d4 d6 6. Nf3 Nc6 7. O-O e5 8. h3
Re8 9. d5 Nb8 10. e4 a5 11. Be3 Na6 12. b3 Nc5 13. Nd2 h5 14. Bxc5 dxc5 15. Nf3
Bh6 16. Qd3 Qe7 17. Nb5 Rd8 18. Rae1 Ne8 19. Qc3 Bg7 20. Qe3 b6 21. Nd2 Nd6 22.
a4 Kh7 23. h4 Ba6 24. Qd3 Rf8 25. Bh3 Rae8 26. Nf3 Bh6 27. Qc2 Bxb5 28. cxb5
Qf6 29. Kg2 Qd8 30. Qc3 Qe7 31. Re2 Qf6 32. Ne1 Qe7 33. Nd3 Bg7 34. Qc2 Qd8 35.
Nb2 Qe7 36. Rfe1 Qd8 37. Nd3 Qa8 38. Kg1 Re7 39. Bg2 Qd8 40. Qd2 Bh6 41. Qd1
Ree8 42. Rf1 Bg7 43. Qe1 Bh6 44. f4 exf4 45. gxf4 Bg7 46. f5 Bf6 47. fxg6+ fxg6
48. e5 Bxh4 49. Qd1 Rxf1+ 50. Qxf1 Rf8 51. Qb1 Nf5 52. Nf4 Qg5 53. Ne6 Qh6 54.
Nxf8+ Qxf8 55. Qf1 Qe7 56. Qf4 Bg5 57. Qf2 Bh4 58. Qf4 Bg5 59. Qf2 Bh4 60. Qf4
Bg5 1/2-1/2

[Event "FIDE Open World Blitz 2021"]
[Site "Warsaw"]
[Date "2021.12.29"]
[Round "5.7"]
[White "Dudin, Gleb"]
[Black "Kravtsiv, Martyn"]
[Result "0-1"]
[WhiteElo "2339"]
[BlackElo "2616"]
[Annotator "ChessBase"]
[PlyCount "98"]
[EventDate "2021.12.29"]
[EventType "swiss"]
[EventCountry "POL"]
[Tiebreak "Cut1 Buchholz"]
[SourceTitle "playchess.com"]
[Source "ChessBase"]
[SourceQuality "1"]

1. d4 d5 2. c4 e6 3. Nf3 Nf6 4. g3 Bb4+ 5. Nbd2 O-O 6. Bg2 b6 7. O-O Bb7 8. Qc2
Nbd7 9. Rd1 Qc8 10. b3 c5 11. dxc5 Bxc5 12. Bb2 dxc4 13. Qxc4 Bd5 14. Qh4 Qb7
15. e4 Bc6 16. e5 Nd5 17. Ne4 Be7 18. Qg4 Rfd8 19. Rac1 Ne3 20. fxe3 Bxe4 21.
Qf4 Nc5 22. Bd4 Rac8 23. Rf1 Nd3 24. Rxc8 Nxf4 25. Rxd8+ Bxd8 26. gxf4 Qc6 27.
Rf2 Be7 28. Rf1 h6 29. Rf2 a5 30. h3 b5 31. Kh2 Qc1 32. Kg3 Bb4 33. Kh2 Qb1 34.
Kg3 Bxf3 35. Kxf3 Qd1+ 36. Ke4 a4 37. bxa4 bxa4 38. Rb2 Bf8 39. Bf3 Qc1 40. Kd3
Qc7 41. Rc2 Qd7 42. Bc6 Qc8 43. Bxa4 Qb7 44. Bc6 Qb1 45. a4 Bb4 46. Be4 g6 47.
Bc6 Qd1+ 48. Kc4 Qxc2+ 49. Kxb4 Qxc6 0-1

[Event "FIDE Open World Blitz 2021"]
[Site "Warsaw"]
[Date "2021.12.29"]
[Round "5.8"]
[White "Nepomniachtchi, Ian"]
[Black "Sanal, Vahap"]
[Result "1-0"]
[WhiteElo "2782"]
[BlackElo "2590"]
[Annotator "TA"]
[PlyCount "68"]
[EventDate "2021.12.29"]
[EventType "swiss"]
[EventCountry "POL"]
[Tiebreak "Cut1 Buchholz"]
[SourceTitle "playchess.com"]
[Source "ChessBase"]
[SourceQuality "1"]

1. e4 e5 2. f4 exf4 3. Nf3 Nf6 4. e5 Nh5 5. d4 d6 6. Nc3 dxe5 7. Bb5+ c6 8. Bc4
Be6 9. Bxe6 fxe6 10. O-O g6 11. Nxe5 Bg7 12. Bxf4 O-O 13. Be3 Rxf1+ 14. Qxf1
Nf6 15. Kh1 Nbd7 16. Bg5 Qc7 17. Nxd7 Nxd7 18. Qc4 Re8 19. Ne4 Nb6 20. Qb3 Nd5
21. c4 Ne7 22. Nf6+ Bxf6 23. Bxf6 Rf8 24. Be5 Qd7 25. h3 Nf5 26. Rd1 Nh6 27. d5
exd5 28. cxd5 Qf7 29. d6 Qxb3 30. axb3 Nf7 31. d7 Nd8 32. Bd6 Rf7 33. Bc7 Rf8
34. Re1 Nf7 1-0

[Event "FIDE Open World Blitz 2021"]
[Site "Warsaw"]
[Date "2021.12.29"]
[Round "5.8"]
[White "Dziuba, Marcin"]
[Black "Paravyan, David"]
[Result "1/2-1/2"]
[WhiteElo "2568"]
[BlackElo "2642"]
[Annotator "ChessBase"]
[PlyCount "111"]
[EventDate "2021.12.29"]
[EventType "swiss"]
[EventCountry "POL"]
[Tiebreak "Cut1 Buchholz"]
[SourceTitle "playchess.com"]
[Source "ChessBase"]
[SourceQuality "1"]

1. d4 Nf6 2. c4 g6 3. Nc3 d5 4. cxd5 Nxd5 5. Bd2 Bg7 6. e4 Nxc3 7. Bxc3 Nc6 8.
Nf3 Bg4 9. Bb5 O-O 10. Bxc6 bxc6 11. Qd2 Bxf3 12. gxf3 Qd7 13. h4 h5 14. O-O-O
a5 15. f4 Qe6 16. f5 Qxa2 17. Rhg1 Kh7 18. Qc2 Bh6+ 19. Bd2 Qa1+ 20. Qb1 Qxb1+
21. Kxb1 gxf5 22. Bxh6 Kxh6 23. exf5 Rg8 24. Rge1 Rae8 25. Rc1 Rg4 26. Rxc6+
Kg7 27. f6+ Kf8 28. fxe7+ Rxe7 29. Rxe7 Kxe7 30. Rxc7+ Kf6 31. Rc5 Rxh4 32.
Rxa5 Kg6 33. Rd5 Rf4 34. Kc2 h4 35. Rd8 Kg7 36. Rd5 Kg6 37. Rd8 Rxf2+ 38. Kc3
Kg7 39. Rd5 Rf6 40. Rg5+ Rg6 41. Rh5 Rh6 42. Rg5+ Kf6 43. Rg1 h3 44. Rh1 Ke6
45. Kc4 Kd6 46. Kd3 Kd5 47. Ke3 Rb6 48. Kf4 Rb3 49. Kg4 Kxd4 50. Rxh3 f5+ 51.
Kh4 Rxh3+ 52. Kxh3 Ke3 53. Kg2 Ke2 54. Kg3 Ke3 55. Kg2 f4 56. Kf1 1/2-1/2

[Event "FIDE Open World Blitz 2021"]
[Site "Warsaw"]
[Date "2021.12.29"]
[Round "5.9"]
[White "Bartel, Mateusz"]
[Black "Parligras, Mircea-Emilian"]
[Result "1/2-1/2"]
[WhiteElo "2619"]
[BlackElo "2576"]
[Annotator "ChessBase"]
[PlyCount "131"]
[EventDate "2021.12.29"]
[EventType "swiss"]
[EventCountry "POL"]
[Tiebreak "Cut1 Buchholz"]
[SourceTitle "playchess.com"]
[Source "ChessBase"]
[SourceQuality "1"]

1. e4 e5 2. Nf3 Nc6 3. Bc4 Bc5 4. c3 Nf6 5. d4 exd4 6. cxd4 Bb4+ 7. Nbd2 d5 8.
exd5 Nxd5 9. Qb3 Na5 10. Qa4+ Bd7 11. Bb5 c6 12. Bd3 O-O 13. O-O h6 14. Ne5 b5
15. Qc2 Nf4 16. Be4 Ne2+ 17. Kh1 Nxd4 18. Qd3 Be6 19. Ndf3 Nxf3 20. Qxf3 Bd6
21. Nxc6 Nxc6 22. Bxc6 Rb8 23. Be3 Qe7 24. Rfe1 a6 25. h3 Rfd8 26. a3 Be5 27.
Bxh6 Bxb2 28. Bf4 Bxa1 29. Bxb8 Rxb8 30. Rxa1 Rd8 31. Be4 Qf6 32. Qxf6 gxf6 33.
Rc1 Rd4 34. Bb7 a5 35. Kh2 Rd3 36. Rb1 Bc4 37. Ba6 Rxa3 38. Bxb5 Bxb5 39. Rxb5
a4 40. Ra5 Kg7 41. f3 Kg6 42. h4 f5 43. Kg3 Ra2 44. Ra6+ f6 45. Ra5 a3 46. Kh3
f4 47. Ra4 Kf5 48. Ra5+ Kg6 49. h5+ Kh6 50. Kh2 Ra1 51. Rf5 a2 52. Ra5 f5 53.
Ra4 Kxh5 54. Ra6 Kg5 55. Ra4 Kf6 56. Ra5 Ke6 57. Ra4 Kd6 58. Ra8 Kc5 59. Ra7
Kd4 60. Ra8 Ke3 61. Ra3+ Kf2 62. Ra5 Ke2 63. Re5+ Kf2 64. Ra5 Kf1 65. Ra8 Kf2
66. Ra5 1/2-1/2